Media década perdida: aumentó la pobreza

Guardado en:
Bibliografiske detaljer
Format: Texto
Fag:
Tags: Tilføj Tag
Ingen Tags, Vær først til at tagge denne postø!

MARC

LEADER 00000 a a2200000 04500
001 10259
003
040
245 |a Media década perdida:   |b aumentó la pobreza  
650 |a RECESION ECONOMICA  
650 |a POBREZA  
650 |a TRABAJO  
773 |g número 25; página 2  
999 |c 38758  |d 38758